Rabih Alameddine, Les Vies de papier, trad. par Nicolas Richard, Paris, Les Escales, Prix Femina étranger 2016, 330 pages (notice n° 1605443)
[ vue normale ]
| 000 -LEADER | |
|---|---|
| fixed length control field | 01950cam a2200181 4500500 |
| 005 - DATE AND TIME OF LATEST TRANSACTION | |
| control field | 20251228095047.0 |
| 041 ## - LANGUAGE CODE | |
| Language code of text/sound track or separate title | fre |
| 042 ## - AUTHENTICATION CODE | |
| Authentication code | dc |
| 100 10 - MAIN ENTRY--PERSONAL NAME | |
| Personal name | Le Moing, Monique |
| Relator term | author |
| 245 00 - TITLE STATEMENT | |
| Title | Rabih Alameddine, Les Vies de papier, trad. par Nicolas Richard, Paris, Les Escales, Prix Femina étranger 2016, 330 pages |
| 260 ## - PUBLICATION, DISTRIBUTION, ETC. | |
| Date of publication, distribution, etc. | 2017.<br/> |
| 500 ## - GENERAL NOTE | |
| General note | 8 |
| 520 ## - SUMMARY, ETC. | |
| Summary, etc. | Publiée en 1909, et préfigurant le Musée Imaginaire d’André Malraux ou La Vie des Formes d’Henri Faucillon, l’ Histoire de l’art d’Élie Faure est imprégnée de la pensée de Bergson dont il fut l’élève au lycée Henri IV. C’est aussi une vision du phénomène artistique à l’échelle de l’histoire de l’humanité, dans laquelle la sculpture occupe une place privilégiée en tant que « art du passage d’un plan à l’autre dans l’espace »… |
| 520 ## - SUMMARY, ETC. | |
| Summary, etc. | Élie Faure’s History of Art was published in 1909 and prefigures André Malraux’s Imaginary Museum or Henri Focillon’s Life of Forms in Art ; it is permeated by the thinking of Henri Bergson who was Faure’s highschool teacher at the lycée Henri IV in Paris. The book also envisages art as a phenomenon on the scale of human history, giving a special place to sculpture as the “art of passing from one spatial plane to another”. |
| 520 ## - SUMMARY, ETC. | |
| Summary, etc. | Publicada em 1909 e antecipando tanto O museu imaginário de André Malraux como A vida das formas de Henri Faucillon, a História da arte de Élie Faure está impregnada do pensamento de Bergson de que fora aluno no Liceu Henri IV. Mas representa também uma visão do fenómeno artístico à escala da história da humanidade no seio da qual a escultura ocupa um lugar privilegiado enquanto “arte da passagem de um plano para o outro no espaço”. |
| 786 0# - DATA SOURCE ENTRY | |
| Note | Sigila | 40 | 2 | 2017-12-03 | p. 195b-197b | 1286-1715 |
| 856 41 - ELECTRONIC LOCATION AND ACCESS | |
| Uniform Resource Identifier | <a href="https://shs.cairn.info/revue-sigila-2017-2-page-195b?lang=fr&redirect-ssocas=7080">https://shs.cairn.info/revue-sigila-2017-2-page-195b?lang=fr&redirect-ssocas=7080</a> |
Pas d'exemplaire disponible.




Réseaux sociaux